000 00307nam a22001337a 4500
008 250311b |||||||| |||| 00| 0 eng d
020 _a9781950968756
050 _aTT835
_b.C37
100 _aCurye Amanda
245 _aQuilt Your Own Adventure
260 _bPaige Tate
_c2023
300 _a172p
942 _cBK
999 _c2254
_d2254